Southville International School and Colleges
Your cart is empty.
  • Cart
  • Lists
    Public lists Eva Luna New books Lux_list list_1
    Your lists Log in to create your own lists
  • Log in to your account
  • Your cookies
  • Search history
Southville International School and Colleges
  • Advanced search
  • Recent comments
  • Most popular
  • Libraries

Log in to your account

Log in with GOOGLE


If you do not have an external account, but do have a local account, you can still log in:

  1. Home
  2. MARC view: The time it never rained /
Normal view MARC view ISBD view

The time it never rained / (Record no. 11510)

[ view plain ]
MARC details
000 -LEADER
fixed length control field 00993cam a2200289 a 4500
001 - CONTROL NUMBER
control field 2840268
003 - CONTROL NUMBER IDENTIFIER
control field LC
005 - DATE AND TIME OF LATEST TRANSACTION
control field 20160310153700.0
008 - FIXED-LENGTH DATA ELEMENTS--GENERAL INFORMATION
fixed length control field 840214r19841973txu 000 1 eng
010 ## - LIBRARY OF CONGRESS CONTROL NUMBER
LC control number 84000157
020 ## - INTERNATIONAL STANDARD BOOK NUMBER
International Standard Book Number 0912646918 :
Terms of availability $16.95
020 ## - INTERNATIONAL STANDARD BOOK NUMBER
International Standard Book Number 0912646896 (pbk.) :
Terms of availability $9.95
040 ## - CATALOGING SOURCE
Original cataloging agency DLC
Transcribing agency DLC
Modifying agency DLC
050 00 - LIBRARY OF CONGRESS CALL NUMBER
Classification number PS 3561.E3975
Item number .K29 1973
082 00 - DEWEY DECIMAL CLASSIFICATION NUMBER
Classification number FIC K29t
Item number 1984
100 1# - MAIN ENTRY--PERSONAL NAME
Personal name Kelton, Elmer.
9 (RLIN) 20455
245 14 - TITLE STATEMENT
Title The time it never rained /
Statement of responsibility, etc Elmer Kelton ; with a new introduction by Elmer Kelton and an afterword by Tom Pilkington.
260 ## - PUBLICATION, DISTRIBUTION, ETC. (IMPRINT)
Place of publication, distribution, etc Fort Worth :
Name of publisher, distributor, etc Texas Christian University Press,
Date of publication, distribution, etc 1984.
300 ## - PHYSICAL DESCRIPTION
Extent 377 p. ;
Dimensions 24 cm.
440 #0 - SERIES STATEMENT/ADDED ENTRY--TITLE
Title Chisholm Trail series ;
Volume number/sequential designation no. 2
9 (RLIN) 20475
500 ## - GENERAL NOTE
General note Reprint. Originally published: Garden City, N.Y., 1973.
562 ## - COPY AND VERSION IDENTIFICATION NOTE
Number of copies There is one available in the collection.
655 #7 - INDEX TERM--GENRE/FORM
Genre/form data or focus term Western stories.
Source of term gsafd
9 (RLIN) 5109
906 ## - LOCAL DATA ELEMENT F, LDF (RLIN)
a 7
b cbc
c orignew
d 1
e ocip
f 19
g y-gencatlg
942 ## - ADDED ENTRY ELEMENTS (KOHA)
Source of classification or shelving scheme Library of Congress Classification
Koha item type Books
Holdings
Withdrawn status Lost status Source of classification or shelving scheme Damaged status Home library Current library Shelving location Date acquired Total Checkouts Full call number Barcode Date last seen Copy number Price effective from Koha item type
    Library of Congress Classification   Luxembourg Library Luxembourg Library Fiction Section 09/17/2013   PS 3561.E3975 .K29 1973 4282 09/17/2013 1 09/17/2013 Books

The time it never rained /

APA

Kelton E., . (1984). The time it never rained. Fort Worth: Texas Christian University Press.

Chicago

Kelton Elmer, . 1984. The time it never rained. Fort Worth: Texas Christian University Press.

Harvard

Kelton E., . (1984). The time it never rained. Fort Worth: Texas Christian University Press.

MLA

Kelton Elmer, . The time it never rained. Fort Worth: Texas Christian University Press. 1984.

  • Place hold
  • Print
  • Cite
  • Add to your cart (remove)
  • Save record
    BIBTEX Dublin Core MARCXML MARC (non-Unicode/MARC-8) MARC (Unicode/UTF-8) MARC (Unicode/UTF-8, Standard) MODS (XML) RIS
  • More searches
    Search for this title in:
    Other Libraries (WorldCat) Other Databases (Google Scholar) Online Stores (Bookfinder.com) Open Library (openlibrary.org)

Exporting to Dublin Core...

SOUTHVILLE LIBRARY

Southville International School and Colleges Library

1281 Tropical Ave. Cor. Luxembourg St., BF Homes International, Las Pinas City

Tel. No. 8256374 / 252358 Loc. 117/146

Powered by Koha